000
00312nam a2200121Ia 4500
005
20251222144636.0
008
251222s9999||||xx |||||||||||||| ||spa||
082
_a
571/B53
245
0
_a
Las Culturas de América en la Época del Descubrimiento:
250
_a
1ra. Ed.
264
_b
Cultura Hispana
942
_c
LIB
999
_c
16506
_d
16506